Statistics for Wonky Word Clicking - I

Click here to take the quiz!

General Stats

  • This quiz has been taken 148 times
  • The average score is 10 of 15

Answer Stats

HintAnswer% Correct
Incognito
95%
Imbecile
87%
Impromptu
87%
Incubus
80%
Ignoramus
79%
Iguanodon
74%
Icthyology
70%
Inglenook
64%
Ipecac
54%
Imbibition
51%
Interrobang
51%
Ill-willie
51%
Ikebana
44%
Ibidem
37%
Isagoge
36%

Score Distribution

Percentile by Number Answered

Percent of People with Each Score

Your Score History

You have not taken this quiz